Score 0/16 Timer 01:30
0 Plays Today
Question Answer Wrong Answers
Nickname:
Tigers
Missouri
76.7%
Missouri State
10%
Primary Athletic Conference:
SEC
Missouri
73.3%
Missouri State
3.3%
Motto:
Salus populi suprema lex esto (Let the welfare of the people be the supreme law)
Missouri
70%
Missouri State
20%
Location:
Columbia, Missouri
Missouri
70%
Missouri State
6.7%
Motto:
None
Missouri State
70%
Missouri
20%
Famous Alumnus:
Brad Pitt
Missouri
70%
Missouri State
20%
Primary Athletic Conference:
Missouri Valley Conference
Missouri State
70%
Missouri
16.7%
Famous Alumna:
Kathleen Turner
Missouri State
70%
Missouri
13.3%
Year Established:
1839
Missouri
70%
Missouri State
16.7%
Year Established:
1901
Missouri State
70%
Missouri
13.3%
Mascot:
Truman
Missouri
66.7%
Missouri State
23.3%
Mascot:
Boomer
Missouri State
66.7%
Missouri
10%
Nickname:
Bears
Missouri State
66.7%
Missouri
16.7%
Football Stadium:
Robert W. Plaster Stadium
Missouri State
63.3%
Missouri
20%
Location:
Springfield, Missouri
Missouri State
60%
Missouri
23.3%
Football Stadium:
Faurot Field at Memorial Stadium
Missouri
56.7%
Missouri State
23.3%
Remove Ads.
Support Sporcle.
Get the best of Sporcle when you Go Orange. This ad-free experience offers more features, more stats, and more fun while also helping to support Sporcle. Thank you for becoming a member.

You're not logged in!

Compare scores with friends on all Sporcle quizzes.
OR
Log In

Sporcle TV

Today on Sporcle TV


Watch our educational content, quiz creation guides, and fun videos on Sporcle TV.

Show Comments

Extras

Top Quizzes Today


Score Distribution

Paid Content

Your Account Isn't Verified!

In order to create a playlist on Sporcle, you need to verify the email address you used during registration. Go to your Sporcle Settings to finish the process.

Report this User

Report this user for behavior that violates our Community Guidelines.

Details: